| 000 | 00539cam a2200145 a 4500 | ||
|---|---|---|---|
| 020 | _a0889363129 | ||
| 050 | 0 | 0 |
_aHC681 _b.P34 1981 |
| 245 | 1 | 0 |
_aRenewable resources in the Pacific : _bproceedings of the 12th Pacific Trade and Development Conference, held in Vancouver, Canada, 7-11 September 1981 / _ceditors, H.E. English and Anthony Scott. |
| 260 |
_aOttawa : _bInternational Development Research Centre, _cc1982. |
||
| 300 | _a293 p. : | ||
| 650 | 0 | _xCongresses. | |
| 700 | 1 | _aEnglish, H. Edward | |
| 700 | 1 | _aScott, Anthony, | |
| 942 | _cGEN | ||
| 999 |
_c971 _d971 |
||